Dopasuj polskiego rapera do znanego utworu - Statystyki

Ogólne statystyki
  • Ten quiz został rozwiązany 328 razy
    306 od ostatniego zresetowania
  • Średni wynik to 37 z 55
Statystyki odpowiedzi
Utwór Raper % Poprawnych
Patoreakcja Mata
97%
California White 2115
95%
Disney Kizo
93%
Szklanki Young Leosia
91%
GUSTAW Bedoes 2115
90%
Robię YEAH Malik Montana
89%
Bubbletea Quebonafide
89%
Jakie to uczucie? Oki
87%
Big Mommy Oliwka Brazil
87%
Plecak Young Multi
87%
Hinata Szpaku
86%
Nostalgia Taco Hemingway
86%
Bestia Young Igi
86%
Floyd Mayweather Żabson
86%
Zosia Białas
84%
Jestem Bogiem Paktofonika
84%
UA ReTo
84%
Piękny Świat Gibbs
83%
Midas Sentino
83%
Duże oczy Smolasty
83%
Mademoiselle Blacha 2115
82%
Rozmazana Kreska Kinny Zimmer
82%
Impreza Sobel
82%
Dwutakt Alberto
80%
Janusz Walczuk Janusz Walczuk
80%
Nie nie Otsochodzi
77%
Miniówa Kukon
76%
Jak gdyby nic Kuban
70%
COCO Masny Ben
70%
4 pory roku Qbik
70%
hot coffee Schafter
70%
Bali Gedz
65%
Lady Pank Kubańczyk
65%
Kapitan Wac Toja
65%
Młody say10 Chivas
64%
Bierz do Buzi Qry
63%
Meow Beteo
59%
Artysta z ASP Kacperczyk
57%
Ukryty w Mieście Krzyk Pezet
56%
Palm Angels Zeamsone
53%
Yabadabadoo Salvador
49%
Bąbelek Jan-rapowanie
48%
Kodeks Marki Olszakumpel
47%
10pak Rusina
47%
Dzień Dobry Belmondo
42%
Sos, ciuchy i borciuchy Kaz Bałagane
42%
Sam Waima
42%
Placebo Adi Nowak
38%
Ey znowu to mam Trill Pem
37%
Beef White Widow
36%
Danse Macabre CatchUp
28%
Leje to do fanty Aleshen
26%
Kocimiętka Dawid, Artysta
23%
Normalnie o tej porze Kaliber 44
22%
Obok Ty Lanek
22%
Nie znaleziono quizów pasujących do podanych kryteriów
Rozkład punktacji
Procent ludzi z każdym wynikiem
Percentyl według liczby udzielonych odpowiedzi
Twoja historia wyników
Nie rozwiązałeś tego quizu od ostatniego zresetowania